000
00255nam a2200097Ia 4500
005
20251222114402.0
008
251222s1900||||xx |||||||||||||| ||spa||
082
_a
DVD0120/P78/2005
245
0
_a
Les Choristes en Concert:Los coristas en concierto
942
_c
DVD
999
_c
1664
_d
1664